Business ethics : the state of the art

Αποθηκεύτηκε σε:
Λεπτομέρειες βιβλιογραφικής εγγραφής
Κύριος συγγραφέας: Freeman, R. Edward 1951-
Μορφή: Βιβλίο
Γλώσσα:English
Δημοσίευση: New York, Oxfoed : Oxford University Press, 1990
Θέματα:
Ετικέτες: Προσθήκη ετικέτας
Δεν υπάρχουν, Καταχωρήστε ετικέτα πρώτοι!

MARC

LEADER 00000nam a2200000 i 4500
001 1/37816
008 951120s1990 eng d
020 |a 0-19-508198-6 
035 |l 10024747 
040 |a GR-MY-UA  |b gre  |e aacr 
041 0 |a eng 
082 0 |a 174.4 
100 1 |a Freeman, R. Edward  |d 1951- 
245 1 0 |a Business ethics :  |b the state of the art /  |c Edited by R.Edward Freeman 
260 |a New York, Oxfoed :   |b Oxford University Press,   |c 1990 
300 |a 226 p. 
650 0 0 |a Business ethics. 
650 0 0 |a Industries  |x Social aspects. 
852 |a INST  |b CHIOS  |e 19951120  |h 174.4 BUS  |p 005200004034  |q 005200004034  |t BK  |y 0 
909 |a Χ  |b 031191